| 000 | 00461 a2200181 4500 | ||
|---|---|---|---|
| 999 |
_c534393 _d534393 |
||
| 003 | NUST | ||
| 005 | 20200218123143.0 | ||
| 008 | 200218b ||||| |||| 00| 0 eng d | ||
| 020 | _a9695191045 | ||
| 038 | _aMSOHAIL | ||
| 082 | _a530.12 | ||
| 100 |
_aWolfgang Smith. _928526 |
||
| 245 |
_aThe Quantum Enigma. _cWolfgang Smith. |
||
| 260 |
_aLahore. _bSuhail Academy. _c2005. |
||
| 300 | _a158;p. | ||
| 500 | _aHardcover. | ||
| 942 |
_aNBS _cBK _k530.12 SMI _2ddc |
||